A-Z Famous People - Michigan - Statistics

General Stats
  • This quiz has been taken 81 times
  • The average score is 10 of 26
Answer Stats
Picture Hint Answer % Correct
E - Rapper Eminem
94%
W - Singer & Musician Stevie Wonder
85%
F - Industrialist & Business Magnate Henry Ford
70%
S - Actor Tom Selleck
65%
J - Basketball Player Magic Johnson
63%
C - Actor & Football Player Terry Crews
62%
R - Singer & Actress Diana Ross
59%
B - Actress Kristen Bell
58%
K - Comedian & Actor Keegan-Michael Key
56%
M - Boxer Floyd Mayweather Jr.
54%
U - Model & Actress Kate Upton
48%
L - Aviator & Military Officer Charles Lindbergh
46%
X - Rapper & Actor Xzibit
41%
T - Actor Verne Troyer
37%
H - Actor Ernie Hudson
32%
V - Dancer & Model Dita Von Teese
23%
N - Wrestler Kevin Nash
23%
D - Engineer & Inventor John DeLorean
18%
G - Actress Judy Greer
17%
P - Businessman & Computer Scientist Larry Page
15%
Y - Politician & Mayor Coleman Young
14%
A - Actor & Singer Curtis Armstrong
14%
I - Entrepreneur & Restaurateur Mike Ilitch
14%
Z - Actress Kim Zimmer
7%
O - Actress & Fashion Designer(s) Gail O'Grady
6%
Q - Aviator & Journalist Harriet Quimby
4%
No matching quizzes found
Score Distribution
Percent of People with Each Score
Percentile by Number Answered
Your Score History
You have not taken this quiz